书目信息 |
| 题名: |
自民党战国史
|
|
| 作者: | 伊藤昌哉 著 ;武大伟 译 | |
| 分册: | ||
| 出版信息: | 北京 世界知识出版社 1984 |
|
| 页数: | 153页 | |
| 开本: | 21cm | |
| 丛书名: | ||
| 单 册: | ||
| 中图分类: | D731.30 | |
| 科图分类: | ||
| 主题词: | 政治--概况--日本 | |
| 电子资源: | ||
| ISBN: | ||
| 000 | 00731nam0 2200253 45 | |
| 001 | 0184014248 | |
| 005 | 20050627160649.9 | |
| 010 | @dCNY0.85 | |
| 091 | @a3003.1704 | |
| 100 | @a19950420d1984 em y0chiy0121 ea | |
| 101 | 1 | @achi@cjpn |
| 102 | @aCN@b110000 | |
| 105 | @ay z 000yy | |
| 200 | 10 | @a自民党战国史@Azi min dang zhan guo shi@e续篇@EXu Pian@f(日)伊藤昌哉著@F(Ri)Yi Teng Chang Zai Zhu@g武大伟译 |
| 210 | @a北京@c世界知识出版社@d1984 | |
| 215 | @a153页@d21cm | |
| 517 | @a续篇@AXu Pian | |
| 606 | 0 | @a政治@x概况@y日本 |
| 690 | @aD731.30@v3 | |
| 701 | 0 | @a伊藤昌哉@4著 |
| 702 | 0 | @a武大伟@Awu da wei@4译 |
| 801 | 0 | @aCN@b上海图书馆@c20040425 |
| 801 | 2 | @aCN@bNLC@c20040425 |
| 905 | @dD731.30@e102:2@f1@b171937 | |
| 自民党战国史:续篇/(日)伊藤昌哉著/武大伟译.-北京:世界知识出版社,1984 |
| 153页;21cm |
| ISBN :CNY0.85 |
| ● |
| 相关链接 |
|
|
|
|
正题名:自民党战国史
索取号:D731.30/102:2
 
预约/预借
| 序号 | 登录号 | 条形码 | 馆藏地/架位号 | 状态 | 备注 |
| 1 | 0171935 | 001013842 | 第一借阅区/ [索取号:D731.30/102:2] | 在馆 | |
| 2 | 0171936 | 001013851 | 密集书库/ [索取号:D731.30/102:2] | 在馆 |